Responses for Show #4863 - Wednesday, November 2, 2005

Maria Wenglinsky game 3.

Contestants

[<< previous game]

Leslie Burns-Dell'Acqua, a creative marketing consultant from San Diego, California

David Braxton, a television producer from Hyattsville, Maryland

Maria Wenglinsky, a teacher originally from Salt Lake City, Utah (whose 2-day cash winnings total $52,600)

[next game >>]

Jeopardy! Round responses

NATIONAL HISTORIC SITES
TV D.O.A.
THE HOME SPA
INSTANT MESSAGING SHORTHAND
DIANA
"ROSS"
    $200 1
First Ladies

Maria
    $200 4
NYPD Blue

David
    $200 14
the Dead Sea

Maria
    $200 9
ta ta for now

Leslie
    $200 21
(Maria: What is nursery school?)

kindergarten

MariaLeslie
    $200 25
an albatross

David
    $1,000 2
(Maria: Who is Johnson?)
(Alex: Which one?)
(Maria: Andrew.)
(Alex: Andrew, yes. That's right. Just to be sure.)

Andrew Johnson

Maria
    $400 5
(Maria: What is NYPD Blue?)

CSI: Miami

MariaDavid
    $400 17
a mask

Maria
    $400 10
are you male or female

David
    $400 22
(Diana) Barrymore

Leslie
    $400 26
lacrosse

David
    $600 3
Kansas

David
    $600 6
(Henry) Blake

Leslie
    $600 18
paraffin

Leslie
    $600 11
a parent

David
    $600 23
Diana Vreeland

Triple Stumper
    $600 27
Barbarossa

David
    $800 15
a minuteman missile

Maria
    $800 7
Dallas

David
    $800 19
French (manicure)

David
    $800 12
(Maria: What is scared?)

single

Maria
Triple Stumper
    $800 24
(Diana) Trilling

Maria
    $800 28
gross anatomy

Maria
    $1000 16
(John) Muir

Maria
    $1000 8
Six Feet Under

Leslie
    $1000 20
jojoba

Leslie
    $1000 13
(Alex: The "A", [*].)

acronyms

Triple Stumper
    $1000 30
George Meredith

Triple Stumper
    $1000 29
dross

Maria

Scores at the first commercial break (after clue 16):

Maria David Leslie
$2,000 $3,000 $1,800

Scores at the end of the Jeopardy! Round:

Maria David Leslie
$4,800 $5,000 $4,000

Double Jeopardy! Round responses

18th CENTURY BRITAIN
SONGS FROM MUSICALS
(Alex: You identify the musical, obviously.)
AND I QUOTE
MOOSE-PODGE
ZANY FOR ZAMBIA
BEFORE & AFTER
    $400 5
(Adam) Smith

Maria
    $400 10
Oliver!

Maria
    $400 14
a war

David
    $400 20
(Maria: What is Lexington?)

Louisville

MariaLeslie
    $400 26
president

David
    $400 1
Mae West Nile Virus

Leslie
    $800 6
the Stamp Act

Maria
    $800 11
Funny Girl

Leslie
    $800 16
luck

Triple Stumper
    $800 21
Bullwinkle

Leslie
    $800 27
Rhodesia

Maria
    $800 2
Duke of Earl Scheib

Leslie
    $1200 7
Beau Brummell

Maria
    $1200 12
Hair

Leslie
    $1200 17
the real one

David
    $1200 22
Riverdale High

Triple Stumper
    $1200 28
(Dr.) Livingstone

Leslie
    $3,000 3
William of Orange roughy

Leslie
    $1600 8
the South Sea Bubble

Maria
    $1600 13
Damn Yankees

Maria
    $1600 18
fear

Maria
    $1600 23
Bill Skowron

Triple Stumper
    $1600 29
the Zambezi

Leslie
    $1600 4
Pepin the Short-Order Cook

Maria
    $2,500 9
the Black Watch

Maria
    $2000 15
Rent

David
    $2000 19
beast

Triple Stumper
    $2000 24
(Maria: What is the Kennebunk?)
(Leslie: What is the Kennebunkport?)

Kennebec

MariaLeslie
Triple Stumper
    $2000 30
Lusaka

Triple Stumper
    $2000 25
Jesse James and the Giant Peach

Maria

Scores at the end of the Double Jeopardy! Round:

Maria David Leslie
$16,900 $9,000 $12,200

[wagering suggestions for these scores]

Final Jeopardy! Round responses

FAMOUS EXPRESSIONS
(Alex: [After Leslie wagers everything to take the lead] Maria's looking very stern, like a teacher--like a Latin teacher I remember!)
(Maria: I practice.)
(Alex: Oh, you practice in class?)
(Maria: You bet.)
DavidWhat is gilding the lily?
$9,000
LeslieWhat is Guilding the lily?
$12,200
MariaWhat is to gild the Lily?
$12,200
gilding the lily

Final scores:

Maria David Leslie
$29,100 $18,000 $24,400
3-day champion: $81,700 3rd place: $1,000 2nd place: $2,000

Game dynamics:

Coryat scores:

Maria David Leslie
$15,800 $9,000 $10,400
20 R
(including 2 DDs),
5 W
14 R,
0 W
16 R
(including 1 DD),
1 W

Combined Coryat: $35,200

[game clues] [game scores] [suggest correction]

Game tape date: 2005-08-16
The J! Archive is created by fans, for fans. Scraping, republication, monetization, and malicious use prohibited; this site may use cookies and collect identifying information. See terms. The Jeopardy! game show and all elements thereof, including but not limited to copyright and trademark thereto, are the property of Jeopardy Productions, Inc. and are protected under law. This website is not affiliated with, sponsored by, or operated by Jeopardy Productions, Inc. Join the discussion at JBoard.tv.